<?xml version="1.0" encoding="UTF-8"?>
<collection xmlns="http://www.loc.gov/MARC21/slim">
 <record>
  <leader>01156nam a2200229 i 4500</leader>
  <controlfield tag="001">1/11718</controlfield>
  <controlfield tag="008">001102s1990    enk                 eng d</controlfield>
  <datafield tag="020" ind1=" " ind2=" ">
   <subfield code="a">3515055460</subfield>
  </datafield>
  <datafield tag="035" ind1=" " ind2=" ">
   <subfield code="l">12080</subfield>
  </datafield>
  <datafield tag="040" ind1=" " ind2=" ">
   <subfield code="a">DLC</subfield>
   <subfield code="b">GR-PeUP</subfield>
  </datafield>
  <datafield tag="082" ind1="0" ind2="0">
   <subfield code="a">330.9 20 EU</subfield>
  </datafield>
  <datafield tag="111" ind1="2" ind2=" ">
   <subfield code="a">International Economic History Congress</subfield>
   <subfield code="n">(10th :</subfield>
   <subfield code="d">1990 :</subfield>
   <subfield code="c">Louvain Belgium)</subfield>
   <subfield code="e">Session A.</subfield>
  </datafield>
  <datafield tag="245" ind1="1" ind2="4">
   <subfield code="a">The European discovery of the World and its Economic Effects on Pre-Industrial Society, 1500-1800 :</subfield>
   <subfield code="b">papers of the tenth International econimic history congress /</subfield>
   <subfield code="c">Edited on behalf of the International Economic history association by Hans Pohl</subfield>
  </datafield>
  <datafield tag="260" ind1=" " ind2=" ">
   <subfield code="a">Germany :</subfield>
   <subfield code="b">Franz Steiner Verlag Stuttgart,</subfield>
   <subfield code="c">1990</subfield>
  </datafield>
  <datafield tag="300" ind1=" " ind2=" ">
   <subfield code="a">x, 330 p. :</subfield>
   <subfield code="c">23 cm.</subfield>
  </datafield>
  <datafield tag="490" ind1="1" ind2=" ">
   <subfield code="a">Vierteljahrschrift for Sozial-und Wirtschaftsgeschichte. Beiheft, 0341-0846 ;</subfield>
  </datafield>
  <datafield tag="650" ind1=" " ind2="4">
   <subfield code="a">Economic history</subfield>
   <subfield code="x">Congresses.</subfield>
  </datafield>
  <datafield tag="650" ind1=" " ind2="4">
   <subfield code="a">American</subfield>
   <subfield code="x">Discovery and exploration</subfield>
   <subfield code="x">Congresses.</subfield>
  </datafield>
  <datafield tag="700" ind1="1" ind2=" ">
   <subfield code="a">Pohl, Hans,</subfield>
   <subfield code="e">ed.</subfield>
  </datafield>
  <datafield tag="710" ind1="2" ind2=" ">
   <subfield code="a">International Economic History Association.</subfield>
  </datafield>
  <datafield tag="830" ind1=" " ind2=" ">
   <subfield code="a">Vierteljahrschrift for Sozial-und Wirtschaftsgeschichte. Beiheft, 0341-0846 ;</subfield>
   <subfield code="v">89</subfield>
  </datafield>
  <datafield tag="852" ind1=" " ind2=" ">
   <subfield code="a">INST</subfield>
   <subfield code="b">UNIPILB</subfield>
   <subfield code="c">MAIN</subfield>
   <subfield code="e">20040709</subfield>
   <subfield code="h">330.9 20 EU</subfield>
   <subfield code="p">00134686</subfield>
   <subfield code="q">00134686</subfield>
   <subfield code="t">LOAN</subfield>
   <subfield code="y">0</subfield>
   <subfield code="4">1</subfield>
  </datafield>
 </record>
</collection>
